'S' TV Shows by Cast Photo Quiz Stats

Quiz Updated Aug 14, 2017

Challenge
Share
Tweet
Score 0/25 Timer 08:00
6 Plays Today
% Correct
Star Trek: The Original Series
99.5%
Scrubs
97.4%
Seinfeld
95.7%
Sex and the City
94.4%
Supergirl
89.6%
The Sopranos
86.9%
Sabrina the Teenage Witch
86.2%
Saved by the Bell
86.1%
Sherlock
83.2%
Sister, Sister
75.1%
Smallville
73.7%
Sons of Anarchy
73.5%
Scandal
65.8%
% Correct
Sanford and Son
63.8%
Supernatural
59.5%
Spin City
59.2%
Suits
56.9%
Superstore
51.3%
Shameless
48.8%
Stargate SG-1
48.1%
Six Feet Under
46.3%
Silicon Valley
45.9%
Scream Queens
45.4%
Scorpion
36.3%
Sleepy Hollow
35%

You're not logged in!

Compare scores with friends on all Sporcle quizzes.
Sign Up with Email
OR
Log In

You Might Also Like...

Show Comments

Extras

Top Quizzes Today


Score Distribution

Your Account Isn't Verified!

In order to create a playlist on Sporcle, you need to verify the email address you used during registration. Go to your Sporcle Settings to finish the process.